| 000 | 00475 a2200169 4500 | ||
|---|---|---|---|
| 999 |
_c382 _d382 |
||
| 008 | 221215b ||||| |||| 00| 0 eng d | ||
| 020 | _a9788121908689 | ||
| 082 | 0 | 0 |
_a621.75 _bK459 |
| 100 | _aKhurmi, R. S. | ||
| 245 |
_aWorkshop technology : Manufacturing Processes / _cR.S. Khurmi, and J.K. Gupta |
||
| 250 | _a6th ed. | ||
| 260 |
_aNew Delhi: _bS. Chand, _c2015. |
||
| 300 | _a551 p. | ||
| 650 | 0 | _aManufacturing processes | |
| 700 |
_917 _aGupta, J. K. |
||
| 942 |
_2ddc _cBK |
||